00746nam a2200217 i 4500001000300000100003600003245009300039250004100132260004700173300002600220650003500246655003000281015001700311020001800328040000800346041000800354044000800362080001900370008004100389856009800430bg1 aCzajkowska-Matosiuk, Katarzyna.10aAplikacje prawnicze w pytaniach i odpowiedziach.nT. 3 /cKatarzyna Czajkowska-Matosiuk. a2. wyd., stan prawny 1 grudnia 2007. aWarszawa :bWydawnictwo C. H. Beck,c2008. aXIV, 479 s. ;c24 cm. 9aPrawozPolskaystan na 2007 r. aPodręczniki akademickie aPB 7835/2008 a9788374838818 cBPK apol aPOL a34(438)(075.8)080331s2008 pl f f |000 0 pol  uhttp://koha.tu.koszalin.pl/cgi-bin/koha/opac-detail.pl?biblionumber=54995yKatalog online BPK